Open Data Biblioteca Nacional de Portugal


República Portuguesa: Ministério da Cultura
Biblioteca Nacional de Portugal

Catálogo da BNP: acesso por Identificadores Unívocos
Registos Bibliográficos associados ao registo de autoridade

Etiqueta de registo: 00254nam 2200025 450
001 2285236
003 http://id.bnportugal.gov.pt/bib/catbnp/2285236
100 ## $a20260426d1987 m y0pory01030103ba
101 0# $apor
102 ## $aPT
105 ## $aa z 000yy
106 ## $ar
200 1# $aVI Festival B.D. Lisboa' 87$e18 a 27 de dezembro de 1987 - Forum Picoas$eprograma
210 #9 $aLisboa$cASA,$d1987
215 ## $a32 p.$cIL.$d29 cm
304 ## $aPatrocínio: Edições ASA
317 ## $aColeção Leandro de Moraes Sarmento$5PTBN: L.M.S. 852
532 11 $aSexto festival de banda desenhada, Lisboa, 1987
606 ## $aBanda desenhada$xFestivais$yPortugal$yLisboa$z1987$2SIPOR$31996893
675 ## $a741.5(469.41)"1987"(083.81)$vBN$zpor$31996892
710 12 $aFestival de Banda Desenhada,$eLisboa,$d6,$f1987$31996890
712 02 $aASA$4400$3153103
801 #0 $aPT$bBN$gRPC
966 ## $lBN$mFGMON$pBiblioteca particular Leandro de Moraes Sarmento$sL.M.S. 852 $x3

OpendataBNP@bnportugal.pt | Mais informação sobre acesso aos dados BNP